00290nam a22000977a 4500020001800000100002900018245006000047260003400107300001000141700004100151 a9788119139071 aCoomaraswamy, Ananda K.  aIntroduction to Indian Art cBy Ananda K. Coomaraswamy  aNew Delhi :bManohar, c2023. a104p. a Mrs Ananda K. Coomaraswamy eeditor